Ultimate Michael Vey Quiz Books 1-9 - Statistics

General Stats
  • This quiz has been taken 110 times
    36 since last reset
  • The average score is 36 of 63
Answer Stats
Hint Answer % Correct
Who said this, "Only a fool thinks they can do the same thing over and over again and get the same result" in The Final Spark Michael
96%
Has a high IQ of 155, spouts random facts, Michael's best friend Ostin Liss
96%
Main Character's girlfriend, can "reboot" people Taylor Ridley
96%
Can stimulate nerve endings to temporarily ease pain Abigail
91%
Can create highly focused electricity making him cut through objects Bryan
87%
The person who kidnaps Abigail in book 8 Bryan
87%
Human flash drive, now consciousness is in a computer Grace
87%
Can see through electrolocation Ian
87%
Very strong Nonel, Bullied Michael but then became friends Jack
87%
Main Character and most powerful of the electric children Michael Vey
87%
Basically an electric black hole or vampire Nichelle
83%
The very first found electric child Nichelle
83%
Opposite of Nichelle, Amplifies electric children's abilities, killed in explosion in Peru Tessa
83%
One of Jack's friends, killed in Peru Wade
83%
Can throw electricity from his body, weakness is non-distilled water Zeus
83%
The only person above the voice Carl Vey
78%
Creates light and heat. Reached 3000 Kelvins McKenna
78%
The Asian-American member of the Electroclan McKenna
78%
Can create focused electromagnetic pulses, was king of Hatch Islands for a few days Quentin
78%
Can interfere with airplane navigational systems, tried to kill himself, later died in Battle of Hades Tanner
78%
Can create mental illusions and manipulate emotions Tara
78%
Who the Chasqui accidentally captured Tara
78%
The ranch that Hatch kidnaps people from Christmas Ranch
70%
Basically human magnet Kylee
70%
Michael's mother Sharon Vey
70%
Can create microwaves, now a drug lord Torstyn
70%
Can freeze muscles from around 2km Cassy
65%
The autistic savant Jade Dragon
65%
The main antagonist of the series James Hatch
65%
Jack's other friend who's parents are very rich Mitchell
65%
Sent from the voice and helps the Electroclan in Peru Jaime
61%
The country where the helicopter destroyed ranch is located Mexico
61%
Where Sharon Vey was held captive(country) Peru
57%
The ship the Electroclan blew up The Ampere
57%
The Elgen officer that was at first a pizza delivery boy Welch
57%
The hidden electric child that steals others powers Zara
57%
What the sand on Hades turns into after Michael explodes Glass
48%
Everyone else nickname for Michael early on when he beat up Jack. Little Norris
48%
The machine that made the children electric MEI
48%
The pizza place Micheal loves PizzaMax
48%
What Dr. Hatch wanted people to throw at Carl Vey Brick
43%
Michael's first nickname for himself Electric Eel Man
43%
The author of the series Richard Paul Evans
43%
Famous game known as a scam that the Elgen use to hide the autistic savant Shell Game
43%
The state that the kidnappers ranch is in Utah
43%
The chairman that escapes from Dr. Hatch Schema
39%
What the submarine loses when Quentin takes out the self destruct Sonar
39%
Larger person that Michael ran at and knocked down for a bet, Taylor helped Corky
35%
The Prime minister of Tuvalu's son Enele Saluni
35%
War veteran who's brother was killed by the Elgen Gervaso
35%
The series of pipes that helped connect the Peruvian Starxource plant to the rest of the world The Weekend Express
35%
The ranch the gets destroyed by helicopters Timepiece Ranch
35%
What the hidden message was in Welch's ad(all caps) ELGENSOS
30%
Michael's car that gets destroyed while protecting a woman Aspark Owl
26%
The burns that Michael gets on his arm are called Lichtenberg Figures
26%
What Carl Vey renamed Elgen after Dr. Hatch was vaporized Veytric Inc
26%
what is the llama that is not secretly planning to kill you Alpaca
17%
The voice Dr. Coondrat
17%
The name the Tuvaluan people had for Michael Uira te Atua
17%
In Taylor's dream, the one when Micheal disappears, what was attacking them on all sides Alligators
13%
The tribe that helps Michael out after he rescues his mom The Amaccara
13%
The show about american people, one of which is place by Bob Crane, in a German camp that comes on the TV in Mexico Hogan's Heroes
9%
The book where Taylor starts to be able to see the future Storm of Lightning
9%
No matching quizzes found
Score Distribution
Percent of People with Each Score
Percentile by Number Answered
Your Score History
You have not taken this quiz since the last reset